Método para aprender á leer, escribir y hablar el frances, según el verdadero sistema de Ollendorff: ordenado en lecciones progresivas, consistiendo de ejercicios orales y escritos; enriquecido de la pronunciación figurada como se estila en la conversación

Guardado en:
Detalles Bibliográficos
Autor principal: Simonne, Teodoro (Autor)
Formato: Libro
Lenguaje:francés
español
Publicado: Nueva York D. Appleton y compañía 1873
Edición:1a. ed
Materias:
Acceso en línea:portada
Etiquetas: Agregar Etiqueta
Sin Etiquetas, Sea el primero en etiquetar este registro!

MARC

LEADER 00000nam a2200000 a 4500
001 UCJ8759
003 CL-VaPUC
008 070124e18730000US |||||||||||||||||fre|d
041 0 7 |a fre  |2 CL-VaPUC 
041 0 7 |a spa  |2 CL-VaPUC 
082 0 4 |a 372.65  |b SIM  |2 21 
100 0 |a Simonne, Teodoro  |e author  |9 517846 
245 1 0 |a Método para aprender á leer, escribir y hablar el frances, según el verdadero sistema de Ollendorff: ordenado en lecciones progresivas, consistiendo de ejercicios orales y escritos; enriquecido de la pronunciación figurada como se estila en la conversación 
250 |a 1a. ed 
300 |a 341 p 
942 |c BK 
945 |d 20070124 00:00:00  |a fvergara 
260 |a Nueva York  |b D. Appleton y compañía  |c 1873 
500 |a Posee tan sólo un índice alfabético 
500 |a El libro está dividido en tres partes: una introductoria, en la que se explican el valor de los caracteres usados en la pronunciación figurada, los sonidos vocales y los que resultan de su combinación con consonantes. La segunda, comprende el grueso de las lecciones orales más los respectivos ejercicios. La tercera parte, es un apéndice que trata la definición, funciones y accidentes de la oración; su construcción y concordancia; la formación de verbos regulares; la conjunción de irregulares y las reglas de la sintaxis 
650 0 |a Lingüística  |9 265068 
650 0 |a Educación lingüística  |9 306506 
650 7 |a FRANCES  |2 CL-VaPUC  |9 259059 
650 7 |a LENGUAS ROMANCES  |2 CL-VaPUC  |9 346632 
650 0 |a Lectura  |9 307634 
650 0 |a Escritura  |9 264941 
650 0 |a Métodos de enseñanza  |9 270413 
856 7 |f UCJ8759_01.jpg  |u http://opac.pucv.cl/pucv_img/Img-8500/UCJ8759_01.jpg  |q JEPG  |2 file  |z portada 
583 |a last modification  |c 20070124 00:00:00  |k Rodrigo Vera 
999 |c 324412  |d 324410 
952 |0 0  |1 0  |4 0  |6 372_650000000000000_SIM_1873  |7 0  |8 X  |9 404513  |a FDOBUD  |b FDOBUD  |d 2019-11-22  |i 1618776  |o 372.65 SIM 1873  |p 1618776  |r 2019-11-22  |w 2019-11-22  |y BK_X  |k BUD